Andor Csizmadia: Staatsdienstrecht in Ungarn zwischen den beiden Weltkriegen

Podrobná bibliografia
Hlavní autori: Karpat, Jozef, 1914-1989 (Autor), Csizmadia, Andor, 1910-1985 (Autor)
Médium: Článok
Jazyk:slovenčina
Predmet:

MARC

LEADER 00000nab a2200000 a 4500
001 vtls000198402
003 SK-MaSNL
005 20260304222112.0
008 250422c1984 xo 0 slo
015 |a SNBRB19rr/mm-uuuuu 
035 |a CL0208515 
035 |a urn:nbn:sk:snk-ab29ed 
035 |a (urnnbn)urn:nbn:sk:snk:ar-a01zfb 
035 |a (uuid)d0f7625c-0dfd-4738-a37e-04030150ca70 
040 |a SNKBUCL  |b slo  |c SNKBUCL  |e AACR2 
041 0 |a slo 
044 |a xo  |c SK 
080 |a 35.08(439)  |2 1981 
100 1 |a Karpat, Jozef,  |d 1914-1989  |4 aut  |9 169220 
245 1 0 |a Andor Csizmadia: Staatsdienstrecht in Ungarn zwischen den beiden Weltkriegen  |c Jozef Karpat ; Andor Csizmadia 
650 0 7 |a verejná správa  |2 snkbucl  |9 1538 
650 0 7 |a štátni zamestnanci  |2 snkbucl  |9 4516 
651 7 |a Maďarsko  |2 snkbucl  |9 16754 
655 7 |a články z novín a časopisov  |2 snkbucl  |9 267496 
700 1 |a Csizmadia, Andor,  |d 1910-1985  |4 aut  |9 289508 
773 0 |t Právny obzor  |g Roč. 67, č. 7 (1984), s. 656 
787 0 8 |i Rec.:  |a Csizmadia, Andor  |t Staatsdienstrecht in Ungarn zwischen den beiden Weltkriegen  |d Wien : Manz, 1983 
850 |a Slovenská národná knižnica 
852 |a Slovenská národná knižnica 
954 |a odborná, vedecká literatúra pôvodná (slovenská)  |2 lita 
958 |a article27 
958 |a RK 
958 |a HU 
958 |a OND 
958 |a EUIPO 
992 |a RBX 
999 |c 3161302  |d 3163232